| 000 | 00892cab a22002175a 4500 | ||
|---|---|---|---|
| 001 | L143000 | ||
| 008 | 080401e20080320xxk f 000 0 eng d | ||
| 035 | _a(Sirsi) u143000 | ||
| 041 | 0 | _aeng | |
| 100 | 1 | _aMayer, Peter | |
| 245 | 0 | 0 |
_aSpecifier _bhealthcare and education _bchildproof walls |
| 260 | _c2008 | ||
| 490 | 0 |
_aBuilding _v273(8520) 20 March 2008, 75(1) |
|
| 520 | _aOutlines section one of the Standard Specifications, Layout and Dimensions (SSLD) guidance for school buildings that deals with different types of partitions and surface finishes. Looks at performance requirements and specification options for partition walls, and includes costs. | ||
| 590 | _aKA | ||
| 650 | 2 | 4 | _aBS 5234-2: 1992 |
| 651 | 4 |
_aUnited Kingdom _y |
|
| 690 | _aBUILT ENVIRONMENT-BUILDING COSTS | ||
| 690 | _aBUILT ENVIRONMENT-BUILDING ELEMENTS-COMPLETE BUILDING ELEMENTS-WALLS | ||
| 942 | _n0 | ||
| 999 |
_c80007 _d80007 |
||